01333nam a22001457a 4500003000900000005001700009008004100026040001300067100004500080245003900125260007400164300001200238490003200250520090500282IT-RoPau20220918181222.0141006b xxu||||| |||| 00| 0 eng d cIT-RoPau aIstituto Regina Apostolorum (Apostoline) aSe vuoi... - 1978bVieni e seguimi aCastelgandolfo (Roma)bIstituto Regina Apostolorum (Apostoline)c1978 c18,5 cm aSe vuoi...vAnno XIX - 1978 aIndice Anno XIX – n. 1 G. Verani – G. Muraro – E. Gatti – A. Del Monte – E. Balducci – M. D. – G. Valentini – C. Carlevaris – B. Cadorin – M. P. Anno XIX – n. 2 G. Verani – B. Maggioni – E. Gatti – A. Atlana – I. Castellani – M. D. – S. Garello – M.P. Tripoli - E. Tuccillo – P. Laratore – B. Cadorin – M. P. Anno XIX – n. 3 G. Verani – A. Altana – I. Castellani – M. D. – B. Olivier – B. Cadorin – M. P. Anno XIX – n. 4 D. Mongillo – E. Gatti – A. Altana – D. Spoletini – B. Cadorin – M. P. Anno XIX – n. 5 G. Verani – L. Sartori – E. Gatti – I. Castellani – M. D. – A. Altana – J. Gross – M. Della Valle – G. Ginasi – R. F. Esposito – A. e G. Ceragioli – M. P. Anno XIX – n. 6 G. Verani – E. Gatti – I. Castellani – A. Altana – A. Chieregatti – M. D. – F. Cagnasso – B. Cadorin – M. P.